00521nam a2200181 a 45000010010000000030011000100080041000210350026000620820016000881000019001042450029001232600037001526500012001899420012002019520091002139980020003049990015003240000-9246ELIB.Books110520 1984  a(ELIB.Books)0000-9398 a327.7 bBro aBrown, Dale W. aWhat about the Russians? bElgin: The Brethren Press c1984 aSociety 2ddccBK 00102ddc4070aKBTSbKBTSd2011-05-20l0p11000r2022-01-22 00:00:00w2022-01-22yBK cbate2011-05-20 c9246d9246